<?xml version="1.0" encoding="UTF-8"?>
<record
    xmlns:xsi="http://www.w3.org/2001/XMLSchema-instance"
    xsi:schemaLocation="http://www.loc.gov/MARC21/slim http://www.loc.gov/standards/marcxml/schema/MARC21slim.xsd"
    xmlns="http://www.loc.gov/MARC21/slim">

  <leader>01997nam a22002657a 4500</leader>
  <controlfield tag="008">260109b        |||||||| |||| 00| 0 eng d</controlfield>
  <datafield tag="020" ind1=" " ind2=" ">
    <subfield code="a">9780756419745</subfield>
  </datafield>
  <datafield tag="040" ind1=" " ind2=" ">
    <subfield code="c">tbs</subfield>
  </datafield>
  <datafield tag="041" ind1=" " ind2=" ">
    <subfield code="a">eng</subfield>
  </datafield>
  <datafield tag="050" ind1=" " ind2=" ">
    <subfield code="a">PS3623.I8486 </subfield>
    <subfield code="b">S66 2024</subfield>
  </datafield>
  <datafield tag="100" ind1=" " ind2=" ">
    <subfield code="a">Wiswell, John</subfield>
    <subfield code="d">1981-</subfield>
    <subfield code="9">26590</subfield>
    <subfield code="e">author</subfield>
  </datafield>
  <datafield tag="245" ind1=" " ind2=" ">
    <subfield code="a">Someone you can build a nest in </subfield>
    <subfield code="b">/ John Wiswell.</subfield>
  </datafield>
  <datafield tag="260" ind1=" " ind2=" ">
    <subfield code="a">New York, NY : </subfield>
    <subfield code="b">DAW Books, </subfield>
    <subfield code="c">2024.</subfield>
  </datafield>
  <datafield tag="300" ind1=" " ind2=" ">
    <subfield code="a">310 pages ; </subfield>
    <subfield code="c">22 cm.</subfield>
  </datafield>
  <datafield tag="520" ind1=" " ind2=" ">
    <subfield code="a">Shesheshen has made a mistake fatal to all monsters: she&#x2019;s fallen in love.

Shesheshen is a shapeshifter, who happily resides as an amorphous lump at the bottom of a ruined manor. When her rest is interrupted by impolite monster hunters, she constructs a body from the remains of past meals: a metal chain for a backbone, borrowed bones for limbs, and a bear trap as an extra mouth.

Badly hurt by the hunters, Shesheshen&#x2019;s nursed back to health by Homily, a warm-hearted human. Homily is kind and would make a great co-parent: an ideal place to lay Shesheshen&#x2019;s eggs so their young can devour Homily from the inside out. But as they grow close, Shesheshen realizes that eating her girlfriend isn&#x2019;t an option.

Just as Shesheshen&#x2019;s about to confess her identity, Homily reveals something else: she&#x2019;s hunting a shapeshifting monster that supposedly cursed her family. Has Shesheshen seen it anywhere?

Shesheshen didn&#x2019;t curse anyone, so now she has to figure out why Homily&#x2019;s twisted family thinks she did. As Shesheshen&#x2019;s hunt for the monster becomes increasingly deadly, the bigger challenge remains: learning how to build a life with, rather than in, the woman she loves.</subfield>
  </datafield>
  <datafield tag="650" ind1=" " ind2="0">
    <subfield code="a">Blessing and cursing</subfield>
    <subfield code="v">Fiction</subfield>
    <subfield code="9">26547</subfield>
  </datafield>
  <datafield tag="650" ind1=" " ind2="0">
    <subfield code="a">Lesbians</subfield>
    <subfield code="v">Fiction</subfield>
    <subfield code="9">24049</subfield>
  </datafield>
  <datafield tag="650" ind1=" " ind2="0">
    <subfield code="a">Love</subfield>
    <subfield code="v">Fiction</subfield>
    <subfield code="9">24358</subfield>
  </datafield>
  <datafield tag="650" ind1=" " ind2="0">
    <subfield code="a">Monsters</subfield>
    <subfield code="v">Fiction</subfield>
    <subfield code="9">26140</subfield>
  </datafield>
  <datafield tag="650" ind1=" " ind2="0">
    <subfield code="a">Shapeshifting</subfield>
    <subfield code="v">Fiction</subfield>
    <subfield code="9">26591</subfield>
  </datafield>
  <datafield tag="655" ind1=" " ind2="0">
    <subfield code="a">Monster fiction</subfield>
    <subfield code="9">26141</subfield>
  </datafield>
  <datafield tag="655" ind1=" " ind2="0">
    <subfield code="a">Paranormal fiction</subfield>
    <subfield code="9">22925</subfield>
  </datafield>
  <datafield tag="655" ind1=" " ind2="0">
    <subfield code="a">Fantasy fiction</subfield>
    <subfield code="9">22510</subfield>
  </datafield>
  <datafield tag="942" ind1=" " ind2=" ">
    <subfield code="2">lcc</subfield>
  </datafield>
  <datafield tag="952" ind1=" " ind2=" ">
    <subfield code="0">0</subfield>
    <subfield code="1">0</subfield>
    <subfield code="2">lcc</subfield>
    <subfield code="4">0</subfield>
    <subfield code="7">0</subfield>
    <subfield code="a">TBS</subfield>
    <subfield code="b">TBS</subfield>
    <subfield code="d">2026-01-09</subfield>
    <subfield code="l">0</subfield>
    <subfield code="o">P-EN WIS</subfield>
    <subfield code="p">B05607</subfield>
    <subfield code="r">2026-01-09</subfield>
    <subfield code="t">1</subfield>
    <subfield code="w">2026-01-09</subfield>
    <subfield code="y">1</subfield>
  </datafield>
  <datafield tag="999" ind1=" " ind2=" ">
    <subfield code="c">5204</subfield>
    <subfield code="d">5204</subfield>
  </datafield>
</record>
